The origins of love and hate / (Record no. 149027)
[ view plain ]
| 000 -LEADER | |
|---|---|
| campo de control de longitud fija | 00696nam a2200217 i 4500 |
| 001 - NÚMERO DE CONTROL | |
| campo de control | 149027 |
| 003 - IDENTIFICADOR DE NÚMERO DE CONTROL | |
| campo de control | ES-MaACL |
| 005 - FECHA Y HORA DE LA ÚLTIMA TRANSACCIÓN | |
| campo de control | 20250807071819.0 |
| 007 - CAMPO FIJO DE DESCRIPCIÓN FÍSICA--INFORMACIÓN GENERAL | |
| campo de control de longitud fija | t| |
| 008 - DATOS DE LONGITUD FIJA--INFORMACIÓN GENERAL | |
| campo de control de longitud fija | 070214s1935 xxk r ||||1| eng d |
| 100 1# - ENTRADA PRINCIPAL--NOMBRE DE PERSONA | |
| Nombre de persona | Suttie, Ian D. |
| 9 (RLIN) | 108884 |
| 245 14 - MENCIÓN DEL TÍTULO | |
| Título | The origins of love and hate / |
| Mención de responsabilidad, etc. | by Ian D. Suttie, M. D. ; with a preface by Dr. J. A. Hadfield. |
| 260 ## - PUBLICACIÓN, DISTRIBUCIÓN, ETC. | |
| Lugar de publicación, distribución, etc. | London : |
| Nombre del editor, distribuidor, etc. | Kegan Paul, Trench, Trubner & Co., |
| Fecha de publicación, distribución, etc. | 1935 ( |
| Fabricante | Headley Brothers) |
| 300 ## - DESCRIPCIÓN FÍSICA | |
| Extensión | XVI, 275 p. ; |
| Dimensiones | 22 cm. |
| 650 #7 - PUNTO DE ACCESO ADICIONAL DE MATERIA--TÉRMINO DE MATERIA | |
| Término de materia o nombre geográfico como elemento de entrada | Amor |
| Fuente del encabezamiento o término | embne |
| 9 (RLIN) | 9754 |
| 650 07 - PUNTO DE ACCESO ADICIONAL DE MATERIA--TÉRMINO DE MATERIA | |
| Término de materia o nombre geográfico como elemento de entrada | Odio |
| Fuente del encabezamiento o término | embne |
| 9 (RLIN) | 15687 |
| 650 04 - PUNTO DE ACCESO ADICIONAL DE MATERIA--TÉRMINO DE MATERIA | |
| Término de materia o nombre geográfico como elemento de entrada | Psicoanálisis. |
| 9 (RLIN) | 16530 |
| 700 1# - ENTRADA AGREGADA--NOMBRE PERSONAL | |
| Nombre de persona | Hadfield, J. A. |
| 9 (RLIN) | 61409 |
| 852 ## - LOCALIZACIÓN | |
| Ubicación | ES-MaACL |
| Número de control de estantería | A-4166 |
| Estatus retirado | Estado de pérdida | Estado de daño | No para préstamo | Biblioteca de origen | Biblioteca actual | Ubicación en estantería | Fecha de adquisición | Fuente de adquisición | Total de préstamos | Signatura topográfica completa | Código de barras | Visto por última vez | Precio de reemplazo | Tipo de ítem Koha |
|---|---|---|---|---|---|---|---|---|---|---|---|---|---|---|
| Biblioteca del Ateneo de Madrid | Biblioteca del Ateneo de Madrid | Sala Pecera Planta 1 | 17/01/2008 | A-4166 | 1155515 | 23/02/2023 | 23/02/2023 | Libro impreso |
